000 00323nam a22001457a 4500
008 190205b xxu||||| |||| 00| 0 eng d
020 _a9780205572038
041 _aeng
080 _24 th
_a371
082 _a371
100 _a25
101 _aEDU
245 _aThe media in your life
_cFolkerts Jean
942 _2udc
_cBK
999 _c54061
_d54061